| 000 | 01095nam a22002657i 4500 | ||
|---|---|---|---|
| 999 |
_c23354 _d23354 |
||
| 003 | AR-CdUCM | ||
| 008 | 250811b20192019 pe||||| |||| 00| 0 spa d | ||
| 040 |
_aMUNICIPALIDAD PROVINCIAL DEL CUSCO _cBIBLIOTECA MUNICIPAL DEL CUSCO |
||
| 041 | _hspa | ||
| 082 |
_a370.1523 / A212 _bA212 |
||
| 100 |
_aAco Corrales, Eder Arturo _950716 |
||
| 245 |
_aLa magia de los mapas mentales : _bHerramientas didácticas para la docencia / |
||
| 260 |
_aCusco : _bEditor-Autor _c2019 |
||
| 300 |
_a62 páginas. : _bIlustraciones _c20x15 cm. |
||
| 500 | _zPágina 62 | ||
| 505 | _aProcesos pedagógicos -- Estrategias para indagar saberes -- Reflexión sobre el aprendizaje -- Organizadores visuales -- Mapas mentales -- Aprendizaje basado en problemas -- Juego de roles -- Aula invertida -- El panal -- Mesa redonda -- Foro -- Seminario | ||
| 650 |
_aAprendizaje _92143 |
||
| 650 |
_apedagogía _91560 |
||
| 650 |
_aConflicto cognitivo _951332 |
||
| 650 |
_aMotivación _95066 |
||
| 650 |
_aMapas mentales _951333 |
||
| 650 |
_aJuego de roles _951334 |
||
| 942 |
_2ddc _cLIBROS |
||
| 945 |
_apbjr _d11-08-2025 |
||